Ishi : el último de su tribu /

Bibliographic Details
Main Author: Kroeber, Theodora (Author)
Other Authors: Desmonts, Antonio, 1942- (Translator)
Format: Electronic eBook
Language:Spanish
English
Published: Barcelona : Antoni Bosch editor, [2021]
Subjects:
Online Access:Digitalia Hispánica

MARC

LEADER 00000nam a2200000Ii 4500
001 DIGANBSCH0041
003 NyNyDIG
006 m o d
007 cr |||||||||||
008 240103s2021 sp ab o 000 0 spa d
035 |a (OCoLC)1417820992 
040 |a DGITA  |b eng  |e rda  |e pn  |c DGITA 
020 |a 9788412244328  |q eBook 
020 |z 9788412244311 
041 1 |a spa  |h eng 
043 |a n-us-ca 
050 1 4 |a E99.Y23 ebook 
082 0 4 |a 979.40049757  |2 22 
100 1 |a Kroeber, Theodora,  |e author. 
240 1 0 |a Ishi in two worlds.  |l Spanish  |s (Desmonts) 
245 1 0 |a Ishi :  |b el último de su tribu /  |c Theodora Kroeber ; traducción de Antonio Desmonts. 
264 1 |a Barcelona :  |b Antoni Bosch editor,  |c [2021] 
300 |a 1 online resource :  |b illustrations, maps. 
336 |a text  |b txt  |2 rdacontent 
337 |a computer  |b c  |2 rdamedia 
338 |a online resource  |b cr  |2 rdacarrier 
347 |a text file  |2 rdaft 
347 |b EPUB 
588 0 |a Online resource; title from ePub title page (Digitalia, viewed January 3, 2024) 
600 0 0 |a Ishi,  |d -1916. 
650 0 |a Yana Indians. 
700 1 |a Desmonts, Antonio,  |d 1942-  |e translator. 
700 1 |i Translation of:  |a Kroeber, Theodora.  |t Ishi in two worlds. 
791 2 |a Digitalia (Firm),  |e distributor. 
793 0 |g Digitalia eBook Collection:  |a Antoni Bosch Editor 
776 0 8 |i Print version:  |a Kroeber, Theodora.  |s Ishi in two worlds. Spanish (Desmonts).  |t Ishi.  |d Barcelona : Antoni Bosch editor, [2021]  |z 9788412244311 
856 4 0 |3 Digitalia Hispánica  |u https://www.digitaliapublishing.com/a/121305/ 
910 |a Premium collection: 2024